[Event "chess.com SpeedChess Q2Sw"]
[Site "chess.com INT"]
[Date "2022.11.12"]
[Round "8"]
[White "Gubajdullin, Alexei"]
[Black "Demidov, Mikhail"]
[Result "1/2-1/2"]
[WhiteTitle "FM"]
[BlackTitle "GM"]
[WhiteElo "2300"]
[BlackElo "2568"]
[WhiteFideId "4141202"]
[BlackFideId "4197143"]
[EventDate "2022.11.12"]

1. d4 c5 2. d5 Nf6 3. Nc3 d6 4. e4 g6 5. Bb5+ Nbd7 6. a4 Bg7 7. Nf3 O-O 8. O-O
Ne8 9. Bf4 Nc7 10. Re1 a6 11. Bf1 b6 12. e5 dxe5 13. Nxe5 Nxe5 14. Bxe5 Bb7 15.
Bxg7 Kxg7 16. Qe2 Re8 17. Rad1 Qd6 18. g3 Rad8 19. Bg2 f5 20. Qc4 Bc8 21. Re3
Bd7 22. Rde1 b5 23. axb5 axb5 24. Qh4 e6 25. dxe6 Bxe6 26. Rd3 Qf8 27. Rxd8 Rxd8
28. Qf4 Qd6 29. Qh4 Rd7 30. Rd1 Qe7 31. Rxd7 Qxd7 32. Qf4 b4 33. Qe5+ Kf7 34.
Ne2 Qd1+ 35. Bf1 Nd5 36. Nf4 Nxf4 37. Qxf4 Qxc2 38. Qc7+ Kf6 39. Qd8+ Kf7 40.
Qc7+ Kf6 41. Qd8+ Kf7 42. Qc7+ 1/2-1/2

[Event "chess.com SpeedChess Q2Sw"]
[Site "chess.com INT"]
[Date "2022.11.12"]
[Round "8"]
[White "Liyanage, Ranindu Dilshan"]
[Black "Jegorovas, Aleksandras"]
[Result "1-0"]
[WhiteTitle "FM"]
[BlackTitle "FM"]
[WhiteElo "2331"]
[BlackElo "2270"]
[WhiteFideId "9915834"]
[BlackFideId "12801950"]
[EventDate "2022.11.12"]

1. d4 Nf6 2. c4 e6 3. Nf3 Nc6 4. g3 Bb4+ 5. Nbd2 d5 6. Qc2 dxc4 7. Qxc4 Bd6 8.
Bg2 O-O 9. O-O e5 10. dxe5 Nxe5 11. Nxe5 Bxe5 12. Qc2 c6 13. Nc4 Bc7 14. Rd1 Qe7
15. b3 Rd8 16. Ba3 Qe8 17. e4 Bg4 18. Rxd8 Rxd8 19. e5 Nd7 20. f4 Nb6 21. Nd6
Bxd6 22. Bxd6 Nc8 23. Bc5 Qd7 24. Be4 h6 25. Be3 Nb6 26. f5 Nd5 27. Bc5 Qe8 28.
Bd6 Ne3 29. Qd3 Nd5 30. Kg2 Rxd6 31. exd6 Qe5 32. Re1 Qxd6 33. h3 Bh5 34. Bxd5
cxd5 35. g4 Qb4 36. Re8+ Kh7 37. gxh5 f6 38. Re2 Qf4 39. Qg3 Qxf5 40. Qg6+ Qxg6+
41. hxg6+ Kxg6 42. Re7 b5 43. Rxa7 1-0

[Event "chess.com SpeedChess Q2Sw"]
[Site "chess.com INT"]
[Date "2022.11.12"]
[Round "8"]
[White "Balaji, Aaravamudhan"]
[Black "Grandelius, Nils"]
[Result "1-0"]
[WhiteTitle "CM"]
[BlackTitle "GM"]
[WhiteElo "2353"]
[BlackElo "2657"]
[WhiteFideId "436224"]
[BlackFideId "1710400"]
[EventDate "2022.11.12"]

1. Nf3 d5 2. g3 Nc6 3. d4 Bg4 4. Bg2 Qd7 5. O-O O-O-O 6. c3 Bh3 7. b4 Bxg2 8.
Kxg2 f6 9. Qa4 a6 10. Nbd2 e5 11. b5 Na7 12. dxe5 Nxb5 13. c4 dxc4 14. Nxc4 Nd4
15. Qxd7+ Rxd7 16. Be3 Nxf3 17. Kxf3 Ne7 18. e6 Rd8 19. Rac1 Nc6 20. Rfd1 Rxd1
21. Rxd1 Nd8 22. Ke4 Nxe6 23. Kf5 Nc5 24. h4 Be7 25. h5 Rg8 26. Bxc5 Bxc5 27. f4
b5 28. Na5 Re8 29. e4 Bb6 30. Nb3 a5 31. e5 fxe5 32. fxe5 a4 33. Nc1 g6+ 34.
hxg6 hxg6+ 35. Kf6 b4 36. e6 Bc5 37. Nd3 Bd6 38. g4 Kb7 39. Nxb4 Bxb4 40. Rb1 c5
41. a3 Kc6 42. axb4 c4 43. Kf7 Rb8 44. b5+ Kc5 45. b6 a3 46. e7 a2 47. Ra1 Kxb6
48. Rxa2 Kc5 49. Kxg6 c3 50. Kf7 Kd4 51. e8=Q Rxe8 52. Kxe8 1-0

[Event "chess.com SpeedChess Q2Sw"]
[Site "chess.com INT"]
[Date "2022.11.12"]
[Round "8"]
[White "Primbetov, Kazbek"]
[Black "Vemparala, Nikash"]
[Result "1-0"]
[WhiteTitle "FM"]
[BlackTitle "CM"]
[WhiteElo "2156"]
[BlackElo "1976"]
[WhiteFideId "13702297"]
[BlackFideId "30960967"]
[EventDate "2022.11.12"]

1. d4 d5 2. Nf3 Nf6 3. e3 e6 4. Bd3 Bd6 5. b3 c5 6. Bb2 O-O 7. Nbd2 b6 8. O-O
Bb7 9. Ne5 Ne4 10. c4 f6 11. Nef3 f5 12. Ne5 Nd7 13. cxd5 exd5 14. f4 Ndf6 15.
Nxe4 Nxe4 16. Rf3 Bxe5 17. dxe5 Qe7 18. Rh3 g6 19. Qe2 Rad8 20. a4 a5 21. Rf1
Qe6 22. Qe1 Qe7 23. Bb5 Rf7 24. Ba1 d4 25. exd4 cxd4 26. Rd3 Qc5 27. Bc4 Bd5 28.
Bxd4 Bxc4 29. Bxc5 Bxd3 30. Bxb6 Bxf1 31. Bxd8 Rd7 32. Qxf1 Rxd8 33. Qc4+ Kg7
34. h3 Rd1+ 35. Kh2 Rd2 36. Qc7+ Kh6 37. Qe7 Rf2 38. Qh4+ Kg7 39. e6 Re2 40.
Qe7+ Kh6 41. Qf8+ Kh5 42. e7 Nf2 43. e8=Q 1-0

[Event "chess.com SpeedChess Q2Sw"]
[Site "chess.com INT"]
[Date "2022.11.12"]
[Round "8"]
[White "Firat, Burak"]
[Black "Oparin, Grigoriy"]
[Result "0-1"]
[WhiteTitle "GM"]
[BlackTitle "GM"]
[WhiteElo "2460"]
[BlackElo "2683"]
[WhiteFideId "6305881"]
[BlackFideId "24125890"]
[EventDate "2022.11.12"]

1. e4 c5 2. Nf3 d6 3. d4 cxd4 4. Nxd4 Nf6 5. Nc3 Nc6 6. Bg5 e6 7. Qd2 a6 8.
O-O-O Bd7 9. f3 Nxd4 10. Qxd4 Be7 11. h4 Qc7 12. g4 h5 13. gxh5 Rxh5 14. f4 Rc8
15. Be2 Rh8 16. Kb1 Qc5 17. Qd3 Bc6 18. Bf3 b5 19. Ne2 e5 20. Ng3 g6 21. h5 Qc4
22. hxg6 Rxh1 23. gxf7+ Kxf7 24. Rxh1 Qxd3 25. cxd3 b4 26. Bd1 exf4 27. Bxf4 a5
28. Bb3+ d5 29. e5 Ng8 30. d4 a4 31. Bc2 Bd7 32. Rh7+ Ke8 33. Rh8 Be6 34. Bxa4+
Kd8 35. Bc2 Kd7 36. Rh7 Rf8 37. Nh5 Bg4 38. Bc1 Rf2 39. Rg7 Bxh5 40. Rxg8 Rf1
41. Rg7 Ke8 42. a4 bxa3 43. Rxe7+ Kxe7 44. bxa3 Be8 45. a4 Bc6 46. Kb2 Rf2 47.
Kc3 Kd7 48. Ba3 Rf3+ 49. Kb4 Bb7 50. Bb2 Ba6 51. a5 Kc7 52. Ba4 Rf2 53. Bc3 Rf1
54. Bd2 Rb1+ 55. Kc5 Ra1 56. Bb3 Rb1 0-1

[Event "chess.com SpeedChess Q2Sw"]
[Site "chess.com INT"]
[Date "2022.11.12"]
[Round "8"]
[White "Goltseva, Ekaterina"]
[Black "Zemlyanskii, Ivan"]
[Result "0-1"]
[WhiteTitle "FM"]
[BlackTitle "FM"]
[WhiteElo "2265"]
[BlackElo "2237"]
[WhiteFideId "24173770"]
[BlackFideId "24249971"]
[EventDate "2022.11.12"]

1. d4 d5 2. c4 e6 3. Nf3 Nf6 4. Nc3 c6 5. g3 dxc4 6. Bg2 b5 7. O-O Bb7 8. Rb1
Nbd7 9. b3 cxb3 10. Qxb3 Be7 11. Rd1 O-O 12. Ne5 Nd5 13. Bb2 Nxe5 14. dxe5 Qc7
15. Nxd5 exd5 16. e4 dxe4 17. Bxe4 Rfd8 18. e6 Bd6 19. exf7+ Qxf7 20. Bxh7+ Kf8
21. Qc2 c5 22. Be4 Bxe4 23. Qxe4 Be7 24. Be5 a6 25. Qg4 c4 26. h4 b4 27. h5 c3
28. Rbc1 a5 29. a4 Rac8 30. h6 gxh6 31. Rxd8+ Rxd8 32. Kh2 Rd2 33. Kh3 Rxf2 34.
Rd1 Qf5 35. Bg7+ Kf7 36. Rd7 Qxg4+ 37. Kxg4 Kxg7 38. Rxe7+ Kf6 39. Rc7 Rb2 40.
Rc8 c2 41. Rc6+ Ke7 42. Rc7+ Kd6 43. Rc8 b3 44. Kh5 Rb1 45. Rd8+ Kc7 46. Rd5
c1=Q 47. Rxa5 Qh1+ 48. Kg6 Qc6+ 49. Kh5 Rh1+ 50. Kg4 Qe4# 0-1

[Event "chess.com SpeedChess Q2Sw"]
[Site "chess.com INT"]
[Date "2022.11.12"]
[Round "8"]
[White "Artemiev, Vladislav"]
[Black "Alekseenko, Kirill"]
[Result "1-0"]
[WhiteTitle "GM"]
[BlackTitle "GM"]
[WhiteElo "2701"]
[BlackElo "2687"]
[WhiteFideId "24101605"]
[BlackFideId "4135539"]
[EventDate "2022.11.12"]

1. Nf3 d5 2. e3 Nf6 3. c4 e6 4. Nc3 Bd6 5. b3 O-O 6. Bb2 b6 7. cxd5 exd5 8. Nb5
Be7 9. Be5 Ne8 10. Rc1 c5 11. Bxb8 Rxb8 12. Nxa7 Bd7 13. Nb5 Ra8 14. a4 Nd6 15.
Nxd6 Bxd6 16. Be2 Qf6 17. O-O d4 18. exd4 cxd4 19. Rc4 Bc5 20. Qb1 Be6 21. Rcc1
Bd5 22. Rfe1 g6 23. Qd3 Rfe8 24. Bf1 Kg7 25. Rxe8 Rxe8 26. b4 Bxb4 27. Qxd4 Qxd4
28. Nxd4 Bxd2 29. Rd1 Ba5 30. Nf5+ gxf5 31. Rxd5 Kf6 32. g3 Re5 33. Rd7 Re7 34.
Rd8 Bb4 35. Kg2 Rc7 36. Rd5 Re7 37. Bd3 Re5 38. Rd7 Bc5 39. f4 Re1 40. Rd5 Rd1
41. Rxf5+ Kg7 42. Rg5+ Kh8 43. Bc4 Rd7 44. a5 Ra7 45. a6 h6 46. Rf5 Kg7 47.
Rxf7+ Rxf7 48. Bxf7 b5 49. Bb3 b4 50. Kf3 Kf6 51. Ke4 1-0

[Event "chess.com SpeedChess Q2Sw"]
[Site "chess.com INT"]
[Date "2022.11.12"]
[Round "8"]
[White "Al-Tarboush, Ward"]
[Black "Rudykh, Stepan"]
[Result "1-0"]
[WhiteTitle "FM"]
[BlackTitle "CM"]
[WhiteElo "2238"]
[BlackElo "2218"]
[WhiteFideId "7601450"]
[BlackFideId "4180321"]
[EventDate "2022.11.12"]

1. e4 e6 2. d4 d5 3. exd5 exd5 4. Bd3 Nf6 5. Nf3 c5 6. O-O Nc6 7. Re1+ Be7 8.
dxc5 O-O 9. Bg5 Bxc5 10. Nc3 Be6 11. Qd2 a6 12. Qf4 Be7 13. Rad1 Nb4 14. Bxf6
Nxd3 15. Bxe7 Nxf4 16. Bxd8 Rfxd8 17. Rd4 Nh5 18. Ng5 Re8 19. g3 Nf6 20. f4 h6
21. Nf3 b5 22. Ne5 Rac8 23. a3 Red8 24. Nd3 Rc4 25. Rxc4 dxc4 26. Nc5 Rd2 27.
Re2 Rxe2 28. Nxe2 Bc8 29. Nd4 Nd5 30. Nc6 c3 31. bxc3 Kf8 32. Nb4 Nxc3 33. Ncxa6
Nb1 34. Nc7 Bd7 35. Kf2 Nxa3 36. Ke3 Bf5 37. c3 Bd7 38. Kd4 Nb1 39. Nbd5 Nd2 40.
Kc5 Ne4+ 41. Kb4 g5 42. Nb6 Bc6 43. fxg5 hxg5 44. Nc8 Nd2 45. Kc5 Bd7 46. Nb6
Be8 47. h4 gxh4 48. gxh4 Nf3 49. h5 f5 50. h6 Ng5 51. Nbd5 Bd7 52. Kd6 Be8 53.
Nf6 Ne4+ 54. Nxe4 fxe4 55. Nxe8 e3 56. h7 Kxe8 57. h8=Q+ Kf7 1-0

[Event "chess.com SpeedChess Q2Sw"]
[Site "chess.com INT"]
[Date "2022.11.12"]
[Round "8"]
[White "Guzman Moneo, Alberto"]
[Black "Kirillov, Dmitry"]
[Result "1-0"]
[WhiteTitle "CM"]
[BlackTitle "FM"]
[WhiteElo "2146"]
[BlackElo "2195"]
[WhiteFideId "2209616"]
[BlackFideId "34180572"]
[EventDate "2022.11.12"]

1. e4 c6 2. Nf3 d5 3. d3 dxe4 4. dxe4 Qxd1+ 5. Kxd1 Bg4 6. Be2 Bxf3 7. Bxf3 e5
8. Be2 Bc5 9. f3 Nd7 10. Nd2 O-O-O 11. c3 Ne7 12. Kc2 f6 13. Nb3 Bb6 14. a4 a5
15. Rd1 Nc5 16. Nxc5 Bxc5 17. Bd2 Ng6 18. b4 axb4 19. cxb4 Bd4 20. Rab1 Kc7 21.
g3 Rd6 22. b5 c5 23. a5 Ra8 24. Bc4 Rad8 25. Be1 Nf8 26. b6+ Kc8 27. a6 bxa6 28.
Bxa6+ Kb8 29. Bc4 Nd7 30. b7 Nb6 31. Bf1 Kxb7 32. Ba5 Ra8 33. Rb5 Rb8 34. Rdb1
Ka7 35. R1b3 h5 36. f4 Re6 37. Bd2 Rd6 38. Ra3+ Kb7 39. Rba5 Ra8 40. Ba6+ Kc7
41. Rb3 Nc8 42. Bc4 Rxa5 43. Bxa5+ Kd7 44. Rb8 Ne7 45. Bb5+ Ke6 46. Bc4+ Kd7 47.
Rb7+ Ke8 48. Bc7 Rd7 49. Bb5 Nc8 50. Bxe5 1-0

[Event "chess.com SpeedChess Q2Sw"]
[Site "chess.com INT"]
[Date "2022.11.12"]
[Round "8"]
[White "Mikhailov, Viacheslav"]
[Black "Nyzhnyk, Illya"]
[Result "0-1"]
[WhiteTitle "IM"]
[BlackTitle "GM"]
[WhiteElo "2428"]
[BlackElo "2687"]
[WhiteFideId "4187369"]
[BlackFideId "14118084"]
[EventDate "2022.11.12"]

1. Nf3 Nf6 2. g3 g6 3. Bg2 Bg7 4. O-O d5 5. c4 c6 6. cxd5 cxd5 7. d3 Nc6 8. Nc3
O-O 9. Bf4 d4 10. Nb5 Nd5 11. Bd2 a6 12. Na3 b5 13. Rc1 Bb7 14. Ng5 Rc8 15. Qb3
e6 16. Ne4 Qe7 17. Nc5 Rfd8 18. Nxb7 Qxb7 19. Rc2 Nce7 20. Rfc1 Rxc2 21. Rxc2
Rc8 22. Bg5 f6 23. Bd2 Kf7 24. Nc4 Qd7 25. Na5 Rxc2 26. Qxc2 Bf8 27. Nb3 Nc6 28.
Nc5 Bxc5 29. Qxc5 Nde7 30. h4 e5 31. Kh2 Ke6 32. f4 exf4 33. Bxf4 Nd5 34. Qf8
Nxf4 35. gxf4 Ne7 36. Bh3+ f5 37. Qg7 Qc7 38. Kg3 Qc5 39. h5 gxh5 40. Qxh7 Qc1
41. Qh6+ Kd7 42. Qxh5 Kd6 43. Kg2 Qxf4 44. Qe8 Qe3 45. Qb8+ Ke6 46. Qb6+ Kf7 47.
Qxa6 Qxe2+ 48. Kg1 Qe3+ 49. Kh2 Qxd3 50. Qd6 Qd2+ 51. Bg2 Qe3 52. Bd5+ Kg7 53.
Bg2 d3 54. Qg3+ Qxg3+ 55. Kxg3 Kf6 56. Kf4 d2 57. Bf3 Nd5+ 58. Kg3 Ne3 59. b3 b4 0-1

[Event "chess.com SpeedChess Q2Sw"]
[Site "chess.com INT"]
[Date "2022.11.12"]
[Round "8"]
[White "Manukian, Artak"]
[Black "Dudzinski, Pawel"]
[Result "0-1"]
[BlackTitle "FM"]
[WhiteElo "2196"]
[BlackElo "2186"]
[WhiteFideId "13301373"]
[BlackFideId "1117890"]
[EventDate "2022.11.12"]

1. e4 c6 2. d4 d5 3. e5 c5 4. dxc5 e6 5. a3 Bxc5 6. c4 Qh4 7. Qc2 dxc4 8. Nf3
Qe7 9. Bxc4 Nc6 10. O-O Nd4 11. Nxd4 Bxd4 12. Bb5+ Bd7 13. Bxd7+ Qxd7 14. Rd1
Rc8 15. Qd2 Ne7 16. Nc3 Nf5 17. Qe2 Qc6 18. Nb5 Bb6 19. Nd6+ Nxd6 20. exd6 O-O
21. Be3 Qd7 22. Bxb6 axb6 23. Rd4 Rfd8 24. Rad1 Rc6 25. Qd3 h6 26. h4 e5 27. Rd5
f6 28. h5 Kh8 29. b4 Qg4 30. Qg6 Qxg6 31. hxg6 Kg8 32. g3 Rc3 33. R1d3 Rxd3 34.
Rxd3 Kf8 35. f4 exf4 36. gxf4 Re8 37. Kf2 Rd8 38. Kf3 Ke8 39. Re3+ Kf8 40. Re7
Rxd6 41. Rxb7 Rc6 42. Kg4 Rc3 43. Rxb6 Rxa3 44. Rb8+ Ke7 45. Rb7+ Kf8 46. b5 Ra5
47. f5 Ra4+ 48. Kf3 Ra3+ 49. Ke4 Rb3 50. b6 h5 0-1

[Event "chess.com SpeedChess Q2Sw"]
[Site "chess.com INT"]
[Date "2022.11.12"]
[Round "8"]
[White "Selkirk, Rebecca"]
[Black "Deev, Andrei"]
[Result "1-0"]
[WhiteTitle "WCM"]
[BlackTitle "IM"]
[WhiteElo "1674"]
[BlackElo "2390"]
[WhiteFideId "14306514"]
[BlackFideId "4102690"]
[EventDate "2022.11.12"]

1. e4 d6 2. d4 Nf6 3. Bd3 c5 4. c3 Nc6 5. Nf3 Bg4 6. O-O cxd4 7. cxd4 Nxd4 8.
Qa4+ Nc6 9. Be2 Bd7 10. Nc3 e6 11. Bg5 Be7 12. Rad1 a6 13. Qb3 Qc7 14. h3 O-O
15. Rfe1 b5 16. Rc1 h6 17. Bh4 Qb7 18. Bd3 Rfe8 19. Bb1 b4 20. Ne2 a5 21. Ned4
a4 22. Qd3 Rac8 23. Bxf6 Bxf6 24. Nxc6 Bxc6 25. e5 dxe5 26. Qh7+ Kf8 27. Nxe5
Bxg2 28. Rxc8 Rxc8 29. Nd7+ Qxd7 30. Kxg2 Ke7 31. Be4 Bxb2 32. Bf3 Bf6 33. Qe4
Kf8 34. Rd1 Qc7 35. Qh7 Ke7 36. Qe4 Kf8 37. Qxb4+ Kg8 38. Qxa4 Rd8 39. Rxd8+
Qxd8 40. Qc6 Be5 41. a4 Qg5+ 42. Kf1 Qf5 43. a5 Qxh3+ 44. Bg2 Qa3 45. Qe8+ Kh7
46. Be4+ f5 47. Bc6 Qxa5 48. Qxe6 Qa1+ 49. Kg2 1-0

[Event "chess.com SpeedChess Q2Sw"]
[Site "chess.com INT"]
[Date "2022.11.12"]
[Round "8"]
[White "Sevian, Samuel"]
[Black "Durarbayli, Vasif"]
[Result "0-1"]
[WhiteTitle "GM"]
[BlackTitle "GM"]
[WhiteElo "2687"]
[BlackElo "2612"]
[WhiteFideId "2040506"]
[BlackFideId "13402935"]
[EventDate "2022.11.12"]

1. d4 Nf6 2. Bf4 d5 3. e3 c5 4. Nf3 Nc6 5. Nbd2 Qb6 6. dxc5 Qxb2 7. Rb1 Qc3 8.
Bb5 e6 9. O-O Be7 10. Nb3 Bd7 11. Bxc6 bxc6 12. Be5 Qb4 13. Bd4 O-O 14. Ne5 Rfb8
15. c4 Be8 16. cxd5 cxd5 17. c6 Qa3 18. Rc1 Rc8 19. Nc5 Bd6 20. Ng4 Nxg4 21.
Qxg4 e5 22. Ba1 Bxc5 23. Bxe5 Bf8 24. c7 Qxa2 25. h4 Qa4 26. Qg3 Qd7 27. Rfd1
Qe6 28. h5 a5 29. Ba1 h6 30. Rc5 Qd6 31. Qxd6 Bxd6 32. Rcxd5 Bxc7 33. R5d4 Be5
34. Re4 Bxa1 35. Rxa1 a4 36. Ra3 Rcb8 37. Rd4 Kf8 38. g4 Rb3 39. Ra2 Rab8 40.
Kg2 Rb2 41. Ra1 Rb1 42. Ra2 R8b2 43. Ra3 Rb3 44. Ra2 R1b2 45. Ra1 Rxe3 46. Rd8
Ree2 47. Rxa4 Rxf2+ 48. Kg3 Rg2+ 49. Kh3 Rh2+ 50. Kg3 Rhg2+ 51. Kh3 Rge2 52. Kg3
Rb3+ 53. Kf4 Rf2+ 54. Ke4 Re2+ 55. Kf4 Rb6 56. Raa8 Rf6+ 57. Kg3 Re3+ 58. Kg2
Rf4 59. Kh2 Rxg4 0-1

[Event "chess.com SpeedChess Q2Sw"]
[Site "chess.com INT"]
[Date "2022.11.12"]
[Round "8"]
[White "Grischuk, Alexander"]
[Black "Melkumyan, Hrant"]
[Result "1-0"]
[WhiteTitle "GM"]
[BlackTitle "GM"]
[WhiteElo "2745"]
[BlackElo "2645"]
[WhiteFideId "4126025"]
[BlackFideId "13302485"]
[EventDate "2022.11.12"]

1. Nf3 c5 2. e4 Nc6 3. Bb5 g6 4. Bxc6 dxc6 5. d3 Bg7 6. h3 Nf6 7. a4 Nd7 8. Na3
e5 9. Nc4 Qe7 10. Bd2 b6 11. Qc1 h6 12. O-O a5 13. b3 Ba6 14. Nh2 h5 15. Rb1 O-O
16. Kh1 Rfe8 17. f4 exf4 18. Bxf4 Bxc4 19. bxc4 Ra7 20. Nf3 Rb7 21. Bd2 Nf8 22.
Bg5 Qc7 23. Bh6 Bh8 24. Ng5 Qd8 25. Qd2 Ne6 26. Nxe6 Rxe6 27. Rf3 Be5 28. Qf2
Qe8 29. Bf4 Bd4 30. Be3 Bxe3 31. Qxe3 Qd8 32. Qf2 Rd7 33. Rf1 Qc7 34. Qh4 Rde7
35. Qg5 Qe5 36. Qxe5 Rxe5 37. Rf6 Rc7 38. Rb1 Kg7 39. Rd6 f5 40. exf5 Rxf5 41.
Rxb6 Re7 42. Rbxc6 Rg5 43. Re6 Rf7 44. Kg1 Rb7 45. Rb6 Rf7 46. Ra6 Kh6 47. Rxa5
Rf3 48. Rxc5 Rgg3 49. Rce5 Rf4 50. Re3 Rg5 51. R6e5 Rxe5 52. Rxe5 Rf7 53. a5 Rb7
54. Rb5 1-0

[Event "chess.com SpeedChess Q2Sw"]
[Site "chess.com INT"]
[Date "2022.11.12"]
[Round "8"]
[White "Grot, Blazej"]
[Black "Grycel, Kamil"]
[Result "0-1"]
[WhiteTitle "CM"]
[BlackTitle "FM"]
[WhiteElo "1839"]
[BlackElo "2315"]
[WhiteFideId "21835845"]
[BlackFideId "1115499"]
[EventDate "2022.11.12"]

1. e4 b6 2. d3 Bb7 3. Nd2 e6 4. Ngf3 c5 5. g3 Nc6 6. Bg2 Nge7 7. O-O g6 8. Re1
Bg7 9. c3 d6 10. Qc2 O-O 11. h4 e5 12. h5 Rc8 13. Nf1 d5 14. N1h2 f5 15. Ng5 Qd7
16. exf5 gxf5 17. Qe2 Rce8 18. h6 Bf6 19. Qh5 Ng6 20. Nhf3 e4 21. dxe4 fxe4 22.
Bh3 Qd6 23. Nh4 Nxh4 24. Qxh4 Ne5 25. Bf4 Bxg5 26. Qxg5+ Qg6 27. Qxg6+ hxg6 28.
Bxe5 Rxe5 29. Rad1 Kh7 30. Bg2 Kxh6 31. Rd2 Ref5 32. c4 d4 33. Bxe4 Re5 34. Rde2
Rfe8 35. f3 Bxe4 36. Rxe4 Rxe4 37. Rxe4 Rd8 38. Kf2 d3 39. Ke1 d2+ 40. Kd1 Rd3
41. f4 Kh5 42. Re2 Kg4 43. Rxd2 Rxd2+ 44. Kxd2 Kxg3 45. Ke3 Kg4 46. Ke4 Kg3 47.
Ke3 Kg4 48. Ke4 Kg3 49. f5 gxf5+ 50. Kxf5 Kf3 51. Ke5 Ke3 52. Kd6 Kd4 53. b3 Kc3
54. Kc7 Kb2 55. Kb7 Kxa2 56. Kxa7 Kxb3 57. Kxb6 Kxc4 58. Ka5 Kd3 59. Ka4 c4 60.
Ka3 Kd2 61. Kb2 c3+ 62. Kb1 c2+ 63. Ka2 c1=Q 64. Kb3 Qc3+ 65. Ka2 Qb4 66. Ka1
Kc2 67. Ka2 Qb2# 0-1

[Event "chess.com SpeedChess Q2Sw"]
[Site "chess.com INT"]
[Date "2022.11.12"]
[Round "8"]
[White "Lewtak, Damian"]
[Black "Harsha, Bharathakoti"]
[Result "1-0"]
[WhiteTitle "IM"]
[BlackTitle "GM"]
[WhiteElo "2385"]
[BlackElo "2582"]
[WhiteFideId "1141724"]
[BlackFideId "5078776"]
[EventDate "2022.11.12"]

1. e4 c5 2. Nf3 e6 3. d3 Nc6 4. Nbd2 Nf6 5. g3 g6 6. Bg2 Bg7 7. O-O O-O 8. Re1
d5 9. a4 b6 10. c3 Ba6 11. Bf1 Nd7 12. Qc2 Rc8 13. exd5 exd5 14. Qb3 Nde5 15.
Nxe5 Nxe5 16. d4 Bxf1 17. Rxf1 cxd4 18. cxd4 Nc6 19. Nf3 Nxd4 20. Nxd4 Bxd4 21.
Rd1 Qf6 22. Be3 Bxe3 23. Qxe3 Qxb2 24. a5 Rfe8 25. Qf3 Rc5 26. Rab1 Qe5 27. axb6
axb6 28. Rxb6 Re6 29. Rb7 Rf6 30. Qd3 Rd6 31. Qf3 Qe6 32. Qf4 Rc4 33. Qh6 Rd8
34. Qg5 Qd6 35. Re7 Re4 36. Rxe4 dxe4 37. Rxd6 Rxd6 38. h4 h5 39. Kf1 Re6 40.
Ke2 Kg7 41. Qd5 Kg8 42. Qd4 Kf8 43. Ke3 Kg8 44. Kf4 Kf8 45. Kg5 Ke7 46. Kh6 Kf8
47. Qd8+ Re8 48. Qd6+ Kg8 49. Qf6 Kf8 50. Kh7 Re6 51. Qd8+ Re8 52. Qd6+ Re7 53.
Kh6 Ke8 54. Qb8+ Kd7 55. Qf8 Ke6 56. Kg7 Rd7 57. Qe8+ Re7 58. Qc6+ Kf5 59. Qf6+
Kg4 60. Qxe7 1-0

[Event "chess.com SpeedChess Q2Sw"]
[Site "chess.com INT"]
[Date "2022.11.12"]
[Round "8"]
[White "Vogel, Roven"]
[Black "Kollars, Dmitrij"]
[Result "1/2-1/2"]
[WhiteTitle "IM"]
[BlackTitle "GM"]
[WhiteElo "2461"]
[BlackElo "2611"]
[WhiteFideId "12908088"]
[BlackFideId "12909572"]
[EventDate "2022.11.12"]

1. e4 e5 2. Nf3 Nc6 3. Bb5 a6 4. Ba4 Nf6 5. d3 d6 6. c3 Be7 7. O-O O-O 8. Re1 b5
9. Bc2 Re8 10. Nbd2 Bf8 11. Nf1 h6 12. Ng3 a5 13. a4 b4 14. Bb3 Rb8 15. Bc4 Be6
16. Bb5 Bd7 17. d4 bxc3 18. bxc3 exd4 19. cxd4 Nb4 20. Bxd7 Qxd7 21. h3 g6 22.
Bd2 Bg7 23. Bc3 Qc6 24. Bxb4 Rxb4 25. e5 Nd5 26. Ne4 dxe5 27. dxe5 Rxe4 28. Rxe4
Nc3 29. Qc2 Qxe4 30. Qxc3 Bxe5 31. Nxe5 Qxe5 32. Rc1 Qf4 33. Ra1 Re2 34. Qc5 Qe5
35. Qxe5 Rxe5 36. Rc1 c5 37. Rb1 Re4 38. Rb5 Rxa4 39. Rxc5 g5 40. g3 Kg7 41. Kg2
Kg6 42. Rc6+ f6 43. g4 Ra3 44. Rc7 h5 45. Ra7 Ra4 46. Kg3 Kh6 47. Rf7 h4+ 48.
Kg2 Rf4 49. Ra7 a4 50. Rb7 Kg6 51. Ra7 f5 52. Ra6+ Kf7 53. gxf5 Ke7 54. f6+ Kf7
55. Kg1 g4 56. hxg4 Rxg4+ 57. Kh2 Rf4 58. Kh3 Kg6 59. Kg2 Kg5 60. f7 Rxf7 61.
Rxa4 Rf4 62. Rxf4 Kxf4 63. Kh3 Kf3 64. Kxh4 Kxf2 1/2-1/2

[Event "chess.com SpeedChess Q2Sw"]
[Site "chess.com INT"]
[Date "2022.11.12"]
[Round "8"]
[White "Drygalov, Sergey"]
[Black "Naroditsky, Daniel"]
[Result "0-1"]
[WhiteTitle "GM"]
[BlackTitle "GM"]
[WhiteElo "2547"]
[BlackElo "2617"]
[WhiteFideId "24171743"]
[BlackFideId "2026961"]
[EventDate "2022.11.12"]

1. d4 Nf6 2. c4 g6 3. Nc3 Bg7 4. e4 d6 5. Nf3 O-O 6. Be2 e5 7. d5 Nh5 8. g3 Na6
9. Nh4 Nf4 10. Bf1 f5 11. exf5 gxf5 12. Qc2 Ng6 13. Nxg6 hxg6 14. a3 Nc5 15. h4
e4 16. Be3 a5 17. O-O-O a4 18. Kb1 Nb3 19. Be2 Bd7 20. Bg5 Bf6 21. Be3 Be5 22.
f4 exf3 23. Bxf3 Qf6 24. Bg5 Qg7 25. h5 Rae8 26. hxg6 Qxg6 27. Bf4 Nd4 28. Rxd4
Bxd4 29. Bh5 Qh7 30. Qd2 Be5 31. Bh6 f4+ 32. Ka2 Qxh6 33. Bf7+ Rxf7 34. Rxh6
fxg3 35. Rg6+ Rg7 36. Qg5 Re7 37. Ne4 Rxg6 38. Qxg6+ Rg7 39. Nf6+ Bxf6 40. Qxf6
g2 41. Qd8+ Kh7 42. Qh4+ Kg8 43. Qd8+ Kh7 44. Qh4+ Kg6 45. Qf2 Kh5 46. Qf3+ Rg4
47. Qf7+ Kh4 48. Qf2+ Kh3 49. Qg1 Rf4 50. Qe3+ Kg4 51. Qe2+ Kg3 52. Qe3+ Rf3 53.
Qg5+ Kh2 54. Qh4+ Bh3 55. Qe4 Rf2 0-1

[Event "chess.com SpeedChess Q2Sw"]
[Site "chess.com INT"]
[Date "2022.11.12"]
[Round "8"]
[White "Bilan, Danila"]
[Black "Mika, Tomasz"]
[Result "0-1"]
[WhiteTitle "FM"]
[BlackTitle "CM"]
[WhiteElo "2303"]
[BlackElo "2185"]
[WhiteFideId "24161918"]
[BlackFideId "1132970"]
[EventDate "2022.11.12"]

1. d4 d5 2. Nf3 Nf6 3. c4 dxc4 4. e3 e6 5. Bxc4 c5 6. dxc5 Qxd1+ 7. Kxd1 Bxc5 8.
a3 a6 9. b4 Bd6 10. Bb2 Ke7 11. Ke2 b5 12. Bd3 Bb7 13. Nbd2 Nbd7 14. Nb3 Rac8
15. Na5 Ba8 16. Rhc1 Ne4 17. g3 f6 18. Nd4 Ne5 19. f3 Nxd3 20. Kxd3 Ng5 21. e4
g6 22. Ndc6+ Kf7 23. Ke2 e5 24. Na7 Rcd8 25. N7c6 Rd7 26. Rd1 Ke6 27. Rac1 Rc7
28. Rc2 Rhc8 29. Rcd2 Rxc6 30. Nxc6 Rxc6 31. h4 Nf7 32. Rc1 h5 33. Rxc6 Bxc6 34.
Rc2 Bb7 35. Bc1 Nd8 36. Be3 Nc6 37. Kd3 Kd7 38. Rd2 Ke6 39. Kc3 Nd8 40. Bb6 Nf7
41. Be3 Be7 42. Bb6 Nd6 43. Bc5 Nc4 44. Rd3 Bc6 45. Bxe7 Kxe7 46. Kb3 Nb6 47.
Rc3 Nc4 48. Rd3 Bd7 49. a4 Be6 50. axb5 axb5 51. Kc3 f5 52. Rd1 fxe4 53. fxe4
Nd6 54. Ra1 Nxe4+ 55. Kd3 Nd6 56. Ra7+ Bd7 57. Ra6 Ke6 58. Ke3 Kd5 59. Rb6 Nc4+ 0-1